| 000 | 00809nam a2200253Ia 4500 | ||
|---|---|---|---|
| 003 | OSt | ||
| 005 | 20220203100655.0 | ||
| 008 | 210716s1997 xx 000 0 und d | ||
| 020 | _a0471160067 | ||
| 040 | _cAIMIT LIBRARY | ||
| 041 | _aeng | ||
| 082 |
_a658.4 _24 _bBOWJ |
||
| 100 |
_aBowditch, James L. _916061 |
||
| 245 |
_aPrimer on organizational behavior / _cBy James L Bowditch and Buono, Anthony F. |
||
| 250 | _a4th ed. | ||
| 260 |
_aNew York: _bJohn Wiley & sons, _c1997. |
||
| 300 |
_axiii,402p.; _c23.5cm. |
||
| 650 |
_aPerception Attitudes and individual differences _916062 |
||
| 650 |
_aCommunication _916063 |
||
| 650 |
_aGroup and intergroup behavior _916064 |
||
| 650 |
_aGroup and intergroup behavior _916064 |
||
| 700 |
_aBuono, Anthony F. _916065 |
||
| 942 |
_2ddc _cBK _e4 _k658.4 BOWJ |
||
| 999 |
_c203120 _d203120 |
||